000 00215nam a2200073Ia 4500
008 170817s9999 xx 000 0 und d
100 _aN A.A.Council
245 3 _aAn Anthology Of Best Pracction Teacher Education
260 _bNacc ngarbhavi Bangalore
999 _c39891
_d39891